| 000 | 00800nam a2200289 a 4500 | ||
|---|---|---|---|
| 003 | AR-BaBNM | ||
| 005 | 20251128210046.0 | ||
| 008 | 082120s2002 ||||||||||||||000 | spa|| | ||
| 020 | _a968-24-4706-2 | ||
| 040 | _cAR-BaBNM | ||
| 100 | 1 | _aSefchovich, Galia | |
| 245 | 0 | 0 | _aCreatividad para adultos |
| 250 | _a1ª ed. | ||
| 260 |
_aMéxico, D.F. _bTrillas _c1993 |
||
| 300 |
_a169 p. _bil. |
||
| 500 | _aContiene índice analítico p. 165-169 | ||
| 500 | _aContiene notas bibliográficas al pie de página | ||
| 650 | 4 | _aEDUCACION DE ADULTOS | |
| 650 | 4 | _aEDUCACION PERMANENTE | |
| 650 | 4 | _aEDUCACION NO FORMAL | |
| 650 | 4 | _aCREATIVIDAD | |
| 650 | 4 | _aDESARROLLO DE LA CREATIVIDAD | |
| 650 | 4 | _aCARACTERISTICAS DEL ADULTO | |
| 650 | 4 | _aEVALUACION | |
| 942 | _cBK | ||
| 998 | _cRaquel | ||
| 999 |
_c13845 _d13845 |
||